Devinez la Capitale Mystère #96 - Statistiques

Statistiques générales
  • Ce quiz a été pris 126 fois
  • Le résultat moyen est 26 sur 35
Statistiques - réponses
Type de Réponse Réponse % Correct
Lettre de l'Alphabet A
100%
Lettre de l'Alphabet R
100%
Lettre Trouvée I
99%
Lettre Trouvée S
99%
Lettre de l'Alphabet N
98%
Lettre de l'Alphabet E
97%
Lettre de l'Alphabet O
96%
Lettre Trouvée L
94%
Lettre de l'Alphabet P
93%
Lettre Trouvée T
93%
Lettre Trouvée B
92%
Lettre de l'Alphabet M
92%
Lettre Bien Placée I
89%
Lettre de l'Alphabet U
87%
Lettre de l'Alphabet D
84%
Lettre de l'Alphabet G
83%
Lettre de l'Alphabet C
82%
Lettre de l'Alphabet K
80%
Lettre de l'Alphabet H
79%
Lettre de l'Alphabet W
71%
Lettre de l'Alphabet V
70%
Lettre Bien Placée S
67%
Lettre de l'Alphabet X
63%
Lettre de l'Alphabet J
58%
Lettre de l'Alphabet Y
58%
Lettre Bien Placée T
56%
Lettre Bien Placée L
54%
Lettre de l'Alphabet F
51%
Lettre Bien Placée I
50%
Lettre Bien Placée I
47%
Lettre de l'Alphabet Z
47%
Lettre Bien Placée S
44%
Lettre de l'Alphabet Q
42%
Lettre Bien Placée B
38%
Capitale Mystère Tbilissi
38%
Aucun quiz correspondant
Distribution des résultats
% des personnes avec chaque résultat
Percentile par nombre de réponses
Votre historique - résultats
Vous n’avez pas pris ce quiz